Top 21 smallest countries in Africa - Statistics

General Stats
  • This quiz has been taken 66 times
  • The average score is 18 of 21
Answer Stats
Size Country % Correct
30,355 Lesotho
96%
4,033 Cape Verde
94%
23,200 Djibouti
94%
11,295 Gambia
94%
26,338 Rwanda
94%
1,862 Comoros
92%
2,239 Mauritius
92%
114,763 Benin
89%
27,834 Burundi
89%
28,051 Equatorial Guinea
89%
36,125 Guinea-Bissau
89%
964 São Tomé and Príncipe
87%
56,785 Togo
87%
452 Seychelles
85%
118,484 Eritrea
83%
71,740 Sierra Leone
81%
111,369 Liberia
79%
125,000 Malawi
77%
196,722 Senegal
77%
17,364 Eswatini
75%
163,610 Tunisia
72%
No matching quizzes found
Score Distribution
Percent of People with Each Score
Percentile by Number Answered
Your Score History
You have not taken this quiz